How Am I Feeling? : (Record no. 182288)

MARC details
000 -LEADER
fixed length control field 01562nam a22003612i 4500
003 - CONTROL NUMBER IDENTIFIER
control field OSt
005 - DATE AND TIME OF LATEST TRANSACTION
control field 20210228111206.0
008 - FIXED-LENGTH DATA ELEMENTS--GENERAL INFORMATION
fixed length control field 210228t20202020enka|||jr|||| 000 0 eng d
020 ## - INTERNATIONAL STANDARD BOOK NUMBER
International Standard Book Number 9780241446294
Terms of availability RM 28.95
Qualifying information hardback
040 ## - CATALOGING SOURCE
Original cataloging agency PPAK
Language of cataloging eng
Transcribing agency PPAK
Description conventions rda
082 04 - DEWEY DECIMAL CLASSIFICATION NUMBER
Edition number 23
Classification number 152.4
090 00 - LOCALLY ASSIGNED LC-TYPE CALL NUMBER (OCLC); LOCAL CALL NUMBER (RLIN)
Classification number (OCLC) (R) ; Classification number, CALL (RLIN) (NR) 152.4
Feature heading HOW
Feature heading K
245 00 - TITLE STATEMENT
Title How Am I Feeling? :
Remainder of title A little guide to my emotions /
Statement of responsibility, etc. Consultant, Teresa Day ; Editor, Sophie Parkes.
264 #1 - PRODUCTION, PUBLICATION, DISTRIBUTION, MANUFACTURE, AND COPYRIGHT NOTICE
Place of production, publication, distribution, manufacture London :
Name of producer, publisher, distributor, manufacturer Dorling Kindersley,
Date of production, publication, distribution, manufacture, or copyright notice 2020.
Date of production, publication, distribution, manufacture, or copyright notice ©2020
300 ## - PHYSICAL DESCRIPTION
Extent 1 volume (unpaged) :
Other physical details colour illustrations ;
Dimensions 18 cm.
336 ## - CONTENT TYPE
Content type term text
Source rdacontent
Content type term still image
Source rdacontent
337 ## - MEDIA TYPE
Media type term unmediated
Source rdamedia
338 ## - CARRIER TYPE
Carrier type term volume
Source rdacarrier
490 0# - SERIES STATEMENT
Series statement First emotions
500 ## - GENERAL NOTE
General note On board pages.
520 ## - SUMMARY, ETC.
Summary, etc. This board book helps young children understand their emotions and how their feelings can influence their actions. It is often difficult for children, and adults, to articulate their emotions and to understand why they act the way they do. This colourful illustrated board book encourages preschoolers' to understand what is happening in their body when they feel happy or sad, and how strong feelings can shape their actions.
521 ## - TARGET AUDIENCE NOTE
Target audience note Preschool.
650 #0 - SUBJECT ADDED ENTRY--TOPICAL TERM
Topical term or geographic name entry element Emotions
Form subdivision Juvenile literature.
Topical term or geographic name entry element Emotions in children
Form subdivision Juvenile literature.
655 #0 - INDEX TERM--GENRE/FORM
Genre/form data or focus term Board books.
Genre/form data or focus term Picture books.
Source of term lcgft
700 1# - ADDED ENTRY--PERSONAL NAME
Personal name Day, Teresa,
Relator term consultant.
Personal name Parkes, Sophie,
Relator term editor.
830 #1 - SERIES ADDED ENTRY--UNIFORM TITLE
Uniform title First emotions
942 ## - ADDED ENTRY ELEMENTS (KOHA)
Source of classification or shelving scheme Dewey Decimal Classification
Koha item type Book
Holdings
Withdrawn Not for loan Current library Shelving location Date acquired Total Checkouts Total Renewals Full call number Barcode Date last seen Date last checked out Koha item type Checked out
    Perpustakaan Alor Setar Pinjaman Kanak-kanak 20/04/2021 15 3 K 152.4 HOW A01685347 28/05/2025 07/05/2025 Book  
    Perpustakaan Awam Sungai Petani Pinjaman Kanak-kanak 20/04/2021 4   K 152.4 HOW A01685348 12/02/2022 12/02/2022 Book 05/03/2022
    Perpustakaan Baling Pinjaman Kanak-kanak 20/04/2021 10 5 K 152.4 HOW A01685350 21/06/2026 16/05/2026 Book  
    Perpustakaan Bandar Baharu Pinjaman Kanak-kanak 20/04/2021 2   K 152.4 HOW A01685351 22/11/2022 03/11/2022 Book  
    Perpustakaan Kulim Pinjaman Kanak-kanak 20/04/2021 12 3 K 152.4 HOW A01685349 09/06/2026 09/06/2026 Book 19/07/2026